00436 a2200109 4500020001800000082001600018100002000034245016000054260005200214300003800266650002200304 a9789695460160 a620.135 RIZ aRizwan,Syed Ali aProceedings of International Conference on Advances in Cement Based Materials and Applications in civil Infrastructure (ACBM-ACI) [vol. 2]cSyed Ali Rizwan aPakistan:bUET Lahore, A One Publishers,c2007. aviii,585-1160p. :bill. ;c26 cm. aCement -Materials